|
|
|
|
| LEADER |
00000cam a2200000 7i4500 |
| 001 |
0000002311 |
| 005 |
20151222.0 |
| 008 |
070711 |
| 020 |
|
|
|a 983373006X
|
| 090 |
0 |
0 |
|a JF
|b AD MAL (2594)
|
| 100 |
0 |
|
|a Muhammad Firdaus
|
| 245 |
1 |
0 |
|a Jasa dan penghormatan
|c Muhammad Firdaus
|
| 260 |
|
|
|a Pulau pinang :
|b Goal Intelligent Publishing ,
|c 2006
|
| 440 |
|
0 |
|a Koleksi cerita sejarah moral islam
|
| 500 |
|
|
|a Children ages 7-9 years old (orange)
|
| 650 |
|
0 |
|a Adventure
|
| 650 |
|
0 |
|a Children's stories, Malay
|
| 650 |
|
0 |
|a Malay fiction
|
| 710 |
0 |
|
|a Title
|
| 999 |
|
|
|a 0000968853
|b Book
|c Children Collection
|e Perbadanan Perpustakaan Awam Johor
|
| 999 |
|
|
|a 0000968854
|b Book
|c Children Collection
|e Cawangan Muar
|
| 999 |
|
|
|a 0000968856
|b Book
|c Children Collection
|e Cawangan Pontian
|
| 999 |
|
|
|a 0000968857
|b Book
|c Children Collection
|e Perbadanan Perpustakaan Awam Johor
|
| 999 |
|
|
|a 0001078880
|b Book
|c Children Collection
|e Cawangan Tangkak
|
| 999 |
|
|
|a 0001078881
|b Book
|c Children Collection
|e Cawangan Tangkak
|
| 999 |
|
|
|a 0001078882
|b Book
|c Children Collection
|e Cawangan Tmn. Ungku Tun Aminah
|
| 999 |
|
|
|a 0001078883
|b Book
|c Children Collection
|e Cawangan Tmn. Ungku Tun Aminah
|
| 999 |
|
|
|a 0001134440
|b Book
|c Children Collection
|e Cawangan Tmn. Ungku Tun Aminah
|
| 999 |
|
|
|a 0001145178
|b Book
|c Children Collection
|e Cawangan Bukit Gambir
|
| 999 |
|
|
|a 0001145179
|b Book
|c Children Collection
|e Cawangan Tangkak
|
| 999 |
|
|
|a 0001145188
|b Book
|c Children Collection
|e Cawangan Tmn. Ungku Tun Aminah
|